| 000 | 00794nam a22002057a 4500 | ||
|---|---|---|---|
| 005 | 20180217113607.0 | ||
| 010 | _aB-689579 | ||
| 020 |
_a9789350359501 _c495.00 |
||
| 035 | _aB-689579 | ||
| 037 |
_adpl _bKKP |
||
| 082 | _a347.5406 | ||
| 100 | _aGaur, K.D. | ||
| 245 |
_aTextbook on the Indian evidence act / _cby K.D. Gaur |
||
| 260 |
_aDelhi _bUniversal Law Publishing _c2017 |
||
| 270 |
_aLexisNexis, 14th Floor, Building No.10, DLF Cyber City, Phase-II _bGurgaon _e122002 |
||
| 300 |
_axliv,383p. _c23cm(pbk) |
||
| 505 | _a(Rashtrapati Bhawan) | ||
| 942 |
_2ddc _cEN _mGAU _h346.5406 |
||
| 999 |
_c150003 _d150003 |
||